12 periodistes dels anys trenta / Josep M. Figueres
Descripción Física:
171 p. : il. ; 23 cm
Colección:
Vaixells de paper ; 16
MARC
| LEADER | 00000nam a2200000Ia 4500 | ||
|---|---|---|---|
| 001 | 10672 | ||
| 008 | 160829s1994 xx 000 0 cat d | ||
| 080 | |a O-1-38 | ||
| 100 | 1 | |a Figueres, Josep M. |q (Josep Maria), |d 1950- |9 36314 | |
| 245 | |a 12 periodistes dels anys trenta / Josep M. Figueres | ||
| 260 | |a Barcelona : |b Diputació de Barcelona : |b Col·legi de Periodistes de Catalunya, |c 1994 | ||
| 300 | |a 171 p. : |b il. ; |c 23 cm | ||
| 490 | |a Vaixells de paper ; 16 | ||
| 650 | |a Periodistes |x Catalunya |x Intervius |9 36315 | ||
| 650 | |a Periodisme |x Catalunya |x Història |x S. XX |9 25563 | ||
| 710 | 2 | |a Col·legi de Periodistes de Catalunya |9 52967 | |
| 710 | 1 | |a Barcelona (Catalunya : Província). |b Diputació |9 52408 | |
| 901 | |a Arxiu | ||
| 942 | |n 1 | ||
| 952 | |0 0 |1 0 |4 0 |6 O138 |7 1 |9 47284 |a Arxiu |b Arxiu |d 2016-12-01 |l 0 |o O-1-38 |p 10672 |r 2016-12-01 00:00:00 |w 2016-12-01 |y ARXIU | ||
| 999 | |c 51081 |d 51081 | ||